| 000 | 00623nam a22001937a 4500 | ||
|---|---|---|---|
| 003 | OSt | ||
| 005 | 20250709024446.0 | ||
| 008 | 250709b |||||||| |||| 00| 0 eng d | ||
| 040 |
_aDWC-Main Lib _cOC |
||
| 082 | _aCirc. 616.891 56 G618f 1985 | ||
| 100 | _aGoldenberg, Irene | ||
| 245 |
_aFamily therapy: _ban overview/ _cIrene Goldenberg & Herbert Goldenberg |
||
| 250 | _aSecond edition | ||
| 260 |
_aCalifornia: _bWadsworth, Inc., _cc1985. |
||
| 300 |
_axvi, 365 pages: _billustrations; _c24 cm. |
||
| 650 | _a1. Family psychotherapy | ||
| 700 | _aGoldenberg, Herbert | ||
| 942 |
_2ddc _cBK-CIRC _eSecond edition _kCirc. _n0 |
||
| 999 |
_c3520 _d3520 |
||